1727 1395 1932 1139 1714 1589 1163 1666 1061 1949 1026 1912 1874 1154 1916 1167 1502 1090 1485 1994 1035 1793 1729 1606 1378 1510 1445 1852 1919 1941 1054 1477 1671 1991 1797 1354 1567 1029 1605 1085 1190 1389 1016 1955 1247 1770 1003 1859 1814 1830 1834 1441 1330 1697 1106 1918 1377 1933 1548 1329 1783 1096 1344 1460 1804 1768 1473 1037 1680 1737 1516 1082 1962 1286 1903 1304 1714 1472 1354 1216 1221 1795 1193 1496 1566 1660 1889 1975 1758 1360 1877 1346 1063 1648 1750 1576 1849 1664 1203 BCNSPRNW ULIB Ver.6.0+V

เปลี่ยนเป็นภาษาไทย

Change to English
 แสดงรายละเอียดบรรณานุกรม
  กลับหน้าหลัก

Brief Record : Get Marc (ISO 2709) : E-mail record : QR code < ปิดหน้าต่าง
LEADER : 00000nam 2200000uu 4500
001    13399120861
003     ULIB
008    121019s2551||||th 000 0 tha d
020    ^a9789742242336
090    ^aนว.^bญ115ส
100    ^aญดา
245    ^aสัญญา....หัวใจ /^cญดา
260    ^aกรุงเทพฯ :^bธุรดา,^c2551
300    ^a270 หน้า
945    ^p189^l0^i15316
999    ^aทศพร เกษรทอง
รายการนี้ยังไม่มีแท็ก
คุณยังไม่ได้ล็อกอิน คุณสามารถมีกิจกรรมร่วมกับเว็บไซต์ได้ แต่ต้องล็อกอินก่อน ::
  ล็อกอิน

รายการสื่อสารสนเทศ

ลำดับที่ ประเภท เลขเรียก/บาร์โค้ด สถานที่ สถานะ
1. นวนิยาย
นวนิยาย
นว. ญ115ส  
  Barcode: 15316
ห้องสมุดวิทยาเขตสวรรค์ประชารักษ์
►นวนิยาย
บนชั้น
  ขอยืม

รายการใกล้เคียง
    ผู้แต่ง [ญดา]

BibComment


ยังไม่เคยถูกคอมเมนท์

คอมเมนท์ทรัพยากรรายการนี้
  คอมเมนท์: สัญญาหัวใจ ญดา


 Copyright 2026. Bcnsprnw @Library